Statistics for North American Capitals - Map Quiz

Click here to take the quiz!

General Stats

  • This quiz has been taken 2,069 times
  • The average score is 14 of 23

Answer Stats

Answer % Correct
Washington D.C.
97%
Ottawa
96%
Mexico City
96%
Panama City
87%
Havana
86%
Guatemala City
80%
San Salvador
76%
Port-au-Prince
73%
Kingston
71%
Santo Domingo
69%
Nassau
68%
San Jose
65%
Managua
62%
Tegucigalpa
59%
Belmopan
58%
Port of Spain
46%
Bridgetown
33%
St. George's
29%
St. John's
28%
Roseau
24%
Castries
22%
Basseterre
21%
Kingstown
19%

Score Distribution

Percentile by Number Answered

Percent of People with Each Score

Your Score History

You have not taken this quiz